American States and Canadian Provinces by Population - Statistics

General Stats
  • This quiz has been taken 53 times
  • The average score is 36 of 64
Answer Stats
Name Population % Correct
California 39,431,263
100%
Florida 23,372,215
100%
Texas 31,290,831
100%
New York 19,867,248
98%
Ontario 16,124,116
86%
Pennsylvania 13,078,751
74%
Illinois 12,710,158
67%
Michigan 10,140,459
67%
North Carolina 11,046,024
67%
Ohio 11,883,304
67%
Québec 9,056,044
64%
Washington 7,958,180
64%
Georgia 11,180,878
62%
Virginia 8,811,195
62%
Arizona 7,582,384
60%
New Jersey 9,500,851
60%
Massachusetts 7,136,171
57%
Missouri 6,245,466
57%
Tennessee 7,227,750
57%
Vermont 648,493
57%
Wyoming 587,618
57%
Alaska 740,133
55%
Maine 1,405,012
55%
Maryland 6,263,220
55%
North Dakota 796,568
55%
South Dakota 924,669
55%
Colorado 5,957,493
52%
Delaware 1,051,917
52%
Indiana 6,924,275
52%
Newfoundland and Labrador 545,247
52%
New Hampshire 1,409,032
52%
Alberta 4,888,723
50%
British Columbia 5,698,430
50%
Hawaii 1,446,146
50%
Montana 1,137,233
50%
Northwest Territories 44,731
50%
Nova Scotia 1,076,374
50%
Nunavut 41,159
50%
Rhode Island 1,112,308
50%
Wisconsin 5,960,975
50%
Yukon 46,704
50%
Connecticut 3,675,069
48%
Idaho 2,001,619
48%
Iowa 3,241,488
48%
Kentucky 4,588,372
48%
Mississippi 2,943,045
48%
New Mexico 2,130,256
48%
Oregon 4,272,371
48%
Prince Edward Island 178,550
48%
Utah 3,503,613
48%
West Virginia 1,769,979
48%
Alabama 5,157,699
45%
Arkansas 3,088,354
45%
Manitoba 1,494,301
45%
Minnesota 5,793,151
45%
Nebraska 2,005,465
45%
New Brunswick 854,355
45%
Saskatchewan 1,239,865
45%
South Carolina 5,478,831
45%
District of Columbia 702,250
43%
Kansas 2,970,606
43%
Louisiana 4,597,740
43%
Nevada 3,267,467
43%
Oklahoma 4,095,393
43%
No matching quizzes found
Score Distribution
Percent of People with Each Score
Percentile by Number Answered
Your Score History
You have not taken this quiz